03750cam a22003015a 45000010009000000050017000090080041000260200018000670400033000850820021001182450082001392600051002213000036002725000024003085040032003325051590003645200992019546500034029466500049029806500048030296510010030776530021030877000031031089420008031399990017031479520142031649520142033061840641720160720130826.0141215s2015 nyua frb f001 0 eng d a9781107492622 aDLCbengcDLCdDLCdEG-ScBUE04a330.122222bPOL04aThe politics of advanced capitalism /cedited by Pablo Beramendi ... [et al.] aNew York :bCambridge University Press,c2015. axviii, 453 p. :bill. ;c23 cm. aIndex : p. 447-453. aBibliography : p. 405-445.8 aMachine generated contents note: 1. Introduction: the politics of advanced capitalism Pablo Beramendi, Silja Hausermann, Herbert Kitschelt and Hanspeter Kriesi; Part I. Structural Transformations: 2. Prosperity and the evolving structure of advanced economies Carles Boix; 3. The origins of dualism David Rueda, Erik Wibbels and Melina Altamirano; 4. Occupational structure and labor market change in Western Europe since 1990 Daniel Oesch; 5. Globalization, labor market risks, and class cleavage Rafaela Dancygier and Stefanie Walter; 6. The return of the family Gosta Esping-Andersen; Part II. Politics: 7. Party alignments: change and continuity Herbert Kitschelt and Philipp Rehm; 8. What do voters want? Dimensions and configurations in individual-level preferences and party choice Silja Hausermann and Hanspeter Kriesi; 9. Trade unions and the future of democratic capitalism Anke Hassel; Part III. Policies: 10. Post-industrial social policy Evelyne Huber and John Stephens; 11. The dynamics of social investment: human capital, activation, and care Jane Gingrich and Ben Ansell; 12. Stability and change in CMEs: corporate governance and industrial relations in Germany and Denmark Gregory Jackson and Kathleen Thelen; Part IV. Outcomes: 13. Constrained partisanship and economic outcomes Pablo Beramendi; 14. Happiness and the welfare state: decommodification and the political economy of subjective wellbeing Christopher J. Anderson and Jason D. Hecht; 15. Conclusion: advanced capitalism in crisis Pablo Beramendi, Silja Hausermann, Herbert Kitschelt and Hanspeter Kriesi. a"This book serves as a sequel to two distinguished volumes on capitalism: Continuity and Change in Contemporary Capitalism (Cambridge University Press, 1999) and Order and Conflict in Contemporary Capitalism (1985). Both volumes took stock of major economic challenges advanced industrial democracies faced, as well as the ways political and economic elites dealt with them. However, during the last decades, the structural environment of advanced capitalist democracies has undergone profound changes: sweeping deindustrialization, tertiarization of the employment structure, and demographic developments. This book provides a synthetic view, allowing the reader to grasp the nature of these structural transformations and their consequences in terms of the politics of change, policy outputs, and outcomes. In contrast to functionalist and structuralist approaches, the book advocates and contributes to a 'return of electoral and coalitional politics' to political economy research"-- 7aEconomic policy.2BUEsh93322 7aCapitalismxPolitical aspects.2BUEsh940361 7aEconomicsxPolitical aspects.2BUEsh940362 2BUEsh bLLAAWWcJuly20161 aBeramendi, Pablo,eeditor. 2ddc c21984d21956 00102ddc40708BaccahaMAINbMAINc1STd2016-07-20ePurchaseg375.00h26080l0o330.122 POLp000032893r2025-07-15 00:00:00v468.75yBB 00102ddc40708BaccahaMAINbMAINc1STd2016-07-20ePurchaseg375.00h26080l0o330.122 POLp000032894r2025-07-15 00:00:00v468.75yBB